000 00164 a2200085 4500
041 _aspa
100 _aMecd
245 _aGuia de Aprendizaje Multigrado 3
942 _cBK
999 _c13278
_d13278